000
00314nam a22001337a 4500
008
190305b xxu||||| |||| 00| 0 eng d
020
_a
9788131790274
041
_a
eng
080
_2
13th
_a
530
100
_a
43
101
_a
FIZ
245
_a
University Physics with Modern Physics
_c
Young,H.D
942
_2
udc
_c
BK
999
_c
54501
_d
54501